|
|
|
|
| LEADER |
00730naa a2200157 i 4500 |
| 001 |
acta62501 |
| 005 |
20260224081030.0 |
| 008 |
191105s2017 hu o 100 hun d |
| 040 |
|
|
|a SZTE Egyetemi Kiadványok Repozitórium
|b hun
|
| 041 |
|
|
|a hun
|
| 245 |
0 |
0 |
|a Program
|h [elektronikus dokumentum]
|
| 260 |
|
|
|c 2017
|
| 300 |
|
|
|a 1
|
| 490 |
0 |
|
|a Szegedi Innovatív Informatika Verseny
|
| 695 |
|
|
|a Szoftverfejlesztés - konferencia - program, Programozás - számítógép - konferencia - program, Tanulmányi verseny - informatika - középiskola - konferencia - program, Műszaki tudományok - modellezés - számítógép alkalmazása - konferencia - program
|
| 856 |
4 |
0 |
|u http://acta.bibl.u-szeged.hu/62501/1/sziiv_2017_001.pdf
|z Dokumentum-elérés
|